000 00589cam a22002171 4500
001 sa 66003902
003 DLC
005 20260227112239.0
008 850417s1965 ii b 000 0 eng
010 _asa 66003902
035 _a(OCoLC)11931691
040 _aDLC
_cCLobS
_dDLC
042 _apremarc
050 0 0 _aJC143.M4
_bB56
100 1 _aBhattacharjee, Sisir Kanti.
245 0 4 _aThe lawgiver of Machiavelli.
260 _aCalcutta,
_bBookland
_c[1965]
300 _aiii, 106 p.
_c22 cm.
504 _aBibliography: p. [105]-106.
600 1 0 _aMachiavelli, Niccolò,
_d1469-1527.
999 _c69163
_d69163